[Event "GER-chT U18 Girls"]
[Site "Germany"]
[Date "2012.05.05"]
[Round "6.4"]
[White "Syla, Albetina"]
[Black "Seeger, Amelie"]
[Result "1-0"]
[WhiteElo "800"]
[BlackElo "800"]
[PlyCount "125"]
[EventDate "2012.05.04"]
[EventType "team-swiss"]
[EventRounds "7"]
[EventCountry "GER"]
[SourceTitle "EXT 2014"]
[Source "ChessBase"]
[SourceDate "2013.11.20"]
[SourceVersion "1"]
[SourceVersionDate "2013.11.20"]
[SourceQuality "1"]
[WhiteTeam "Hamburg CPG (W)"]
[BlackTeam "Viernheim (W)"]
[WhiteTeamCountry "GER"]
[BlackTeamCountry "GER"]

1. e4 e5 2. Nf3 Nc6 3. Bc4 Nf6 4. Nc3 Bc5 5. d3 h6 6. a3 d6 7. b4 Bd4 8. Nxd4 Nxd4 9. Be3 Bg4 10. f3 Be6 11. Bxe6 Nxe6 12. 0-0 0-0 13. f4 exf4 14. Bxf4 Nxf4 15. Rxf4 c6 16. Rf5 Re8 17. Qe2 Nd7 18. Raf1 Ne5 19. d4 Qb6 20. Qf2 f6 21. dxe5 Qxf2+ 22. R5xf2 Rxe5 23. Rd2 Rd8 24. a4 d5 25. b5 d4 26. bxc6 bxc6 27. Rfd1 c5 28. Nb5 Re7 29. c3 d3 30. Rxd3 Rxd3 31. Rxd3 Rxe4 32. Nxa7 Rxa4 33. Nc6 Ra6 34. Ne7+ Kf7 35. Nf5 c4 36. Nd6+ Kg6 37. Nxc4 f5 38. Ne5+ Kf6 39. Nd7+ Kg6 40. c4 f4 41. c5 Rc6 42. Ne5+ Kf5 43. Nxc6 g5 44. Ne7+ Ke4 45. Rd5 f3 46. gxf3+ Kxf3 47. c6 g4 48. c7 Kf4 49. c8Q Ke4 50. Qxg4+ Ke3 51. Qe4+ Kxe4 52. Rh5 Ke3 53. Rh4 Ke2 54. Rh3 Ke1 55. Kg2 h5 56. Re3+ Kd2 57. Kf2 Kc2 58. Ke2 Kb2 59. Kd2 Kb1 60. Rb3+ Ka2 61. Kc2 h4 62. Rb6 h3 63. Ra6# 1-0